Normal view MARC view

Entry Personal Name

Number of records used in: 1

001 - CONTROL NUMBER

  • control field: 1237484

003 - CONTROL NUMBER IDENTIFIER

  • control field: OSt

005 - DATE AND TIME OF LATEST TRANSACTION

  • control field: 20260430150429.0

008 - FIXED-LENGTH DATA ELEMENTS

  • fixed length control field: 260430|| aca||aabn | a|a d

040 ## - CATALOGING SOURCE

  • Original cataloging agency: OSt
  • Transcribing agency: OSt

100 ## - HEADING--PERSONAL NAME

  • Personal name: Parul Au.; Mazumdar-Leighton Sudeshna Gu

670 ## - SOURCE DATA FOUND

  • Source citation: Work cat.: (OSt)1849762: Parul Au.; Mazumdar-Leighton Sudeshna Gu., Host Tree-Tropical Tasar Silkworm Interactions & Molecular Characterization of Nosema Species Infecting Antheraea Mylitta Drury And Other Non –Mulberry Silkmoths, 2023
Copyright @ Delhi University Library System